00254nam a2200097Ia 4500008004100000082001700041100002100058245004500079260002000124600001200144241002s9999 xx 000 0 und d a947.0853 GOL aGoldston, Robert 4aThe Soviets A Orial History of Communist aNew York:c1967 aHistory